Data Mining: Multimedia, Soft Computing and Bioinformatics (Record no. 228)

MARC details
000 -LEADER
fixed length control field 00456nam a22001697a 4500
005 - DATE AND TIME OF LATEST TRANSACTION
control field 20160429101347.0
008 - FIXED-LENGTH DATA ELEMENTS--GENERAL INFORMATION
fixed length control field 160429b xxu||||| |||| 00| 0 eng d
020 ## - INTERNATIONAL STANDARD BOOK NUMBER
ISBN 9812-53063-0
041 ## - LANGUAGE CODE
Language code of text/sound track or separate title eng
082 ## - DEWEY DECIMAL CLASSIFICATION NUMBER
Item number 00748
100 ## - MAIN ENTRY--AUTHOR NAME
Personal name Mitra, Sushmita
245 ## - TITLE STATEMENT
Title Data Mining: Multimedia, Soft Computing and Bioinformatics
260 ## - PUBLICATION, DISTRIBUTION, ETC. (IMPRINT)
Place of publication New York
Name of publisher John wilry & Sons, Inc,
Year of publication 2004
300 ## - PHYSICAL DESCRIPTION
Number of Pages 401
650 ## - SUBJECT ADDED ENTRY--TOPICAL TERM
Topical Term Information Technology
942 ## - ADDED ENTRY ELEMENTS (KOHA)
Koha item type Books
Holdings
Lost status Damaged status Home library Current library Shelving location Date acquired Cost, normal purchase price Full call number Accession Number Koha item type
    JRU Library   SHELF-6-C 29/04/2016 197.62 006.3 00748 Books